[Event "RUS-Cup 300 years"]
[Site "St Petersburg"]
[Date "2003.10.23"]
[Round "6"]
[White "Tjurin, Alexander P"]
[Black "Grigoriev, Yuri V"]
[Result "1-0"]
[WhiteElo "2400"]
[BlackElo "2219"]
[PlyCount "49"]
[EventDate "2003.10.18"]
[EventType "swiss"]
[EventRounds "9"]
[EventCountry "RUS"]
[SourceTitle "EXT 2004"]
[Source "ChessBase"]
[SourceDate "2003.11.25"]
[SourceVersion "1"]
[SourceVersionDate "2003.11.25"]
[SourceQuality "1"]

1. e4 e5 2. Nf3 d6 3. d4 Bg4 4. dxe5 Nd7 5. Nc3 Nxe5 6. Be2 Nf6 7. Nxe5 Bxe2 8. Qxe2 dxe5 9. Qb5+ Nd7 10. Qxb7 Bc5 11. Bg5 f6 12. Be3 Rb8 13. Qd5 Bxe3 14. fxe3 Rxb2 15. 0-0-0 Rb6 16. Qc4 Rd6 17. Nb5 Ke7 18. Nxc7 Nb6 19. Qc5 Qd7 20. Nb5 Nc8 21. Rxd6 Nxd6 22. Nxa7 Ke8 23. Rd1 Nxe4 24. Qb6 Qa4 25. Qe6+ 1-0

[Event "RUS-Cup 300 years"]
[Site "St Petersburg"]
[Date "2003.10.20"]
[Round "3"]
[White "Grigoriev, Yuri V"]
[Black "Vunder, Andrei"]
[Result "0-1"]
[WhiteElo "2219"]
[BlackElo "2311"]
[PlyCount "104"]
[EventDate "2003.10.18"]
[EventType "swiss"]
[EventRounds "9"]
[EventCountry "RUS"]
[SourceTitle "EXT 2004"]
[Source "ChessBase"]
[SourceDate "2003.11.25"]
[SourceVersion "1"]
[SourceVersionDate "2003.11.25"]
[SourceQuality "1"]

1. e4 e6 2. d4 d5 3. exd5 exd5 4. Bd3 c5 5. c3 c4 6. Bc2 Bd6 7. Qf3 Be6 8. Ne2 Ne7 9. Bf4 0-0 10. Nd2 Nbc6 11. Qh5 Ng6 12. Nf3 Re8 13. Bg3 Qd7 14. Ng5 h6 15. Nxe6 Qxe6 16. Bf5 Qf6 17. 0-0 Nce7 18. Bc2 b5 19. Rae1 Rad8 20. Qg4 Qg5 21. Qxg5 hxg5 22. Bxd6 Rxd6 23. Ng3 Rdd8 24. Re3 Nf4 25. Rfe1 Kf8 26. Kf1 Nc8 27. Re5 Rxe5 28. Rxe5 f6 29. Re3 Nd6 30. Nf5 Nxf5 31. Bxf5 g6 32. Bc2 Kf7 33. g3 Nh5 34. Bd1 Ng7 35. Bf3 Ne6 36. Re1 Nc7 37. b4 a5 38. a3 axb4 39. cxb4 Ne6 40. Rd1 Ke7 41. Ke2 Kd6 42. Ke3 Ra8 43. Ra1 Re8 44. Ra2 Nd8+ 45. Kd2 Nc6 46. Kc3 Re1 47. a4 Rb1 48. axb5 Rb3+ 49. Kd2 Nxb4 50. Ra4 c3+ 51. Kc1 Rb2 52. Be2 Na2+ 0-1

[Event "RUS-Cup 300 years"]
[Site "St Petersburg"]
[Date "2003.10.19"]
[Round "2"]
[White "Shchukin, Dmitry"]
[Black "Grigoriev, Yuri V"]
[Result "1/2-1/2"]
[WhiteElo "2388"]
[BlackElo "2219"]
[PlyCount "128"]
[EventDate "2003.10.18"]
[EventType "swiss"]
[EventRounds "9"]
[EventCountry "RUS"]
[SourceTitle "EXT 2004"]
[Source "ChessBase"]
[SourceDate "2003.11.25"]
[SourceVersion "1"]
[SourceVersionDate "2003.11.25"]
[SourceQuality "1"]

1. e4 e5 2. Bc4 Nf6 3. d3 Bc5 4. Nf3 0-0 5. 0-0 d6 6. c3 Be6 7. Nbd2 Nc6 8. b4 Bb6 9. a4 a6 10. Qb3 d5 11. exd5 Bxd5 12. Bxd5 Nxd5 13. Nc4 Re8 14. Bg5 Qd7 15. Nxb6 Nxb6 16. a5 Nd5 17. Rfe1 f6 18. Bd2 Qf7 19. Rad1 Rad8 20. Qb1 Nde7 21. Be3 Nd5 22. Qb3 Nxe3 23. Qxf7+ Kxf7 24. fxe3 e4 25. dxe4 Rxe4 26. Rxd8 Nxd8 27. Rd1 Ke7 28. Nd4 g6 29. Kf2 Ne6 30. Kf3 f5 31. g3 Ng5+ 32. Ke2 Re5 33. Nf3 Nxf3 34. Kxf3 c5 35. Rb1 cxb4 36. Rxb4 Rb5 37. Kf4 Kd6 38. Rd4+ Kc6 39. Ra4 Rc5 40. c4 b6 41. axb6 Kxb6 42. e4 fxe4 43. Kxe4 Rh5 44. Ra2 Rg5 45. Kd4 h5 46. c5+ Kb7 47. Re2 a5 48. Kc4 h4 49. gxh4 Rg4+ 50. Kb5 Rxh4 51. Re7+ Kb8 52. Kb6 Kc8 53. Rg7 Kd8 54. c6 Rb4+ 55. Kxa5 Rb2 56. h4 Ra2+ 57. Kb6 Rb2+ 58. Kc5 Rc2+ 59. Kd6 Rd2+ 60. Ke5 Rh2 61. Rh7 g5 62. h5 g4 63. Kf4 Rg2 64. h6 g3 1/2-1/2